Načítá se...

Diversity in economic growth :Global insights and explanations

Drawing on the knowledge and understanding of the local circumstances of researchers from the case-study countries, this text outlines the value of diversity in economic growth.

Podrobná bibliografie
Další autoři: McMahon, Gary, Esfahani, Hadi Salehi, Squire, Lyn
Médium: Printed Book
Vydáno: Cheltenham, Glos, UK ; Northampton, MA, USA : Edward Elgar, c2009.
Edice:Global development network
Témata:
LEADER 00918cam a22002174a 4500
020 |a 9781848444393 
020 |a 1848444397 
082 0 0 |a 338.9  |b DIV 
245 0 0 |a Diversity in economic growth :Global insights and explanations 
260 |a Cheltenham, Glos, UK ;  |a Northampton, MA, USA :  |b Edward Elgar,  |c c2009. 
300 |a xxv, 423 p. :  |b ill. ; 
490 1 |a Global development network 
520 8 |a Drawing on the knowledge and understanding of the local circumstances of researchers from the case-study countries, this text outlines the value of diversity in economic growth. 
650 0 |a Economic development. 
650 0 |a Economic development 
700 1 |a McMahon, Gary. 
700 1 |a Esfahani, Hadi Salehi. 
700 1 |a Squire, Lyn, 
942 |c BK 
999 |c 34846  |d 34846 
952 |0 0  |1 0  |4 0  |6 338_900000000000000_DIV  |7 0  |8 Stack  |9 36856  |a KUCL  |b KUCL  |c Stack  |d 2015-09-19  |l 0  |o 338.9 DIV  |p 33732  |r 2015-09-19  |w 2015-09-19  |y BK